Marvel Cinematic Universe Quiz Stats

 Plays Quiz Updated Jul 8, 2021

Support Sporcle.
Go Orange.
Score 0/39 Timer 05:00
2 Plays Today
% Correct
Iron Man
98.4%
Captain America: The First Avenger
96.7%
Iron Man 2
96.6%
Marvel's The Avengers
96.1%
Thor
95.8%
Iron Man 3
95.3%
Captain America: Civil War
90.4%
Captain America: The Winter Soldier
89.3%
Avengers: Age of Ultron
88.8%
The Incredible Hulk
87.8%
Spider-Man: Homecoming
86.3%
Thor: The Dark World
85.7%
Ant-Man
85.2%
Guardians of the Galaxy
80.6%
Marvel's Agents of S.H.I.E.L.D.
76.9%
Marvel's Daredevil
65.8%
Thor: Ragnarok
65.4%
Doctor Strange
62.8%
Black Panther
62.5%
Guardians of the Galaxy Vol. 2
61.4%
% Correct
Marvel's Jessica Jones
61.2%
Avengers: Infinity War
60%
Spider-Man: Far From Home
56.6%
Avengers: Endgame
56.3%
Ant-Man and the Wasp
53.1%
Marvel's Luke Cage
50.6%
Marvel's Agent Carter
50.1%
Captain Marvel
47.1%
Marvel's Iron Fist
45.8%
Marvel's The Defenders
44.7%
Marvel's The Punisher
37.1%
WandaVision
31.2%
Marvel's Runaways
28.9%
Black Widow
25.3%
Marvel's Inhumans
24.4%
The Falcon and the Winter Soldier
23.9%
Loki
20.1%
Marvel's Cloak and Dagger
19.1%
Helstrom
8.7%

You're not logged in!

Compare scores with friends on all Sporcle quizzes.
OR
Log In
Forgot?

From the Vault

US Presidents in Alphabetical Order

by amehta

You don't have to even bother with X,Y and Z.
Remove Ads.
Support Sporcle.
Get the best of Sporcle when you Go Orange. This ad-free experience offers more features, more stats, and more fun while also helping to support Sporcle. Thank you for becoming a member.

Show Comments

Extras

Top Quizzes Today


Score Distribution

Your Account Isn't Verified!

In order to create a playlist on Sporcle, you need to verify the email address you used during registration. Go to your Sporcle Settings to finish the process.

Report this User

Report this user for behavior that violates our Community Guidelines.

Details: